000 00194nam a2200085Ia 4500
008 191206s9999 xx 000 0 und d
090 _aPR2983.B7
245 0 _aShakespearean tragedy
260 _cc1964
999 _c16892
_d16892